|
|
|
|
| LEADER |
01430nam a2200397 a 4500 |
| 001 |
nkc20091963889 |
| 003 |
CZ PrNK |
| 005 |
20100416124513.0 |
| 007 |
ta |
| 008 |
090617s2009 xr a b 000 0 cze |
| 015 |
|
|
|a cnb001963889
|
| 020 |
|
|
|a 978-80-7371-266-2
|q (brož.)
|
| 035 |
|
|
|a (OCoLC)433013249
|
| 040 |
|
|
|a ABA001
|b cze
|
| 041 |
1 |
|
|a cze
|h spa
|
| 072 |
|
7 |
|a 821-93
|x Literatura pro děti a mládež (beletrie)
|2 Konspekt
|9 26
|
| 080 |
|
|
|a 821-93
|2 MRF
|
| 100 |
1 |
|
|a Guerra, Carmen
|7 mzk2006323058
|4 ill
|
| 245 |
1 |
0 |
|a Třpytivá knížka o vílách.
|p [Život víl /
|c ilustrace Carmen Guerra ; překlad Karolína Schwarzová]
|
| 246 |
3 |
0 |
|a Život víl
|
| 250 |
|
|
|a 1. vyd.
|
| 260 |
|
|
|a Praha :
|b Sun,
|c 2009
|
| 300 |
|
|
|a [12] s. :
|b vše barev. il. ;
|c 28 cm
|
| 490 |
1 |
|
|a Třpytivé knížky o vílách a princeznách
|
| 500 |
|
|
|a Přeloženo ze španělštiny
|
| 500 |
|
|
|a Název z obálky, název dílu z 1. s. textu
|
| 500 |
|
|
|a Kartonové listy se 180 třpytivými a 54 barevnými samolepkami
|
| 655 |
|
7 |
|a publikace pro děti
|7 fd133156
|2 czenas
|
| 655 |
|
9 |
|a children's literature
|2 eczenas
|
| 765 |
0 |
|
|t Mi libro brillante de hadas
|9 Česky
|
| 830 |
|
0 |
|a Třpytivé knížky o vílách a princeznách
|0 s
|
| 910 |
2 |
|
|a BOA001
|b 4-1227.351
|
| 990 |
|
|
|a BK
|
| 995 |
|
|
|a 01
|
| 991 |
|
|
|b 200908
|
| 996 |
6 |
|
|b 2610384596
|c 4-1227.351
|l MZK
|r Sklad / do 1 hodiny
|n 0
|p p.v.
|w 001091515
|u 000010
|a 1
|e BOA001
|j MZK50
|s P
|